=LDR 00000nam 2200000 4500 =001 INLIS000000000014972 =005 20130612110243 =008 ***********************************Ind** =035 ##$$0010-061300000014972 =041 ##$$a Ind =082 ##$$a 633.88 =090 ##$$a 633.88, Ruk k =100 ##$$a Rukmana Rahmad =245 ##$$a kencur, Rahmad Rukmana =260 ##$$a 1994 $b Yogyakarta =300 ##$$a 29 Hlm, Ilus, 21 Cm =650 ##$$a Kencur =850 ##$$a NBPNMAT